000 00547nam a2200181Ia 4500
005 20250508150711.0
008 008 250505s9999 xx 000 0 eng d
037 _aBooks to be hide in OPAC
040 _aFEDL
_beng
_cFEDL
041 _aeng
_2eng
084 _a371.425, WIL/O
_qFEDL
100 _aWilliamson E G Ed.
_9757409
245 0 _aTrends in student personnel work
260 _aMinneapolis, USA
_bThe University of Minnesota Press
_c1949
300 _a416p.
942 _cHB
_h371.425, WIL/O
999 _c1325131
_d1325131